[Event "Heusenstamm Sparkassen op-A 2nd"]
[Site "Heusenstamm"]
[Date "2015.11.28"]
[Round "5"]
[White "Harringer, Manfred"]
[Black "Ciesla, Daniel"]
[Result "1-0"]
[WhiteElo "1995"]
[BlackElo "1848"]
[PlyCount "41"]
[EventDate "2015.11.26"]
[EventType "swiss"]
[EventRounds "7"]
[EventCountry "GER"]
[SourceTitle "EXT 2018"]
[Source "ChessBase"]
[SourceDate "2017.10.13"]
[SourceVersion "1"]
[SourceVersionDate "2017.10.13"]
[SourceQuality "1"]

1. e4 d6 2. d4 Nf6 3. Nc3 c6 4. Nf3 Bg4 5. h3 Bxf3 6. Qxf3 e6 7. Be3 Be7 8. 0-0-0 Nbd7 9. g4 h6 10. h4 Ng8 11. Qg3 Nb6 12. Be2 Qc7 13. g5 h5 14. Bf1 0-0-0 15. Bh3 d5 16. Qf3 Bb4 17. Bf4 Qe7 18. a3 Bxc3 19. Qxc3 f6 20. Qa5 Nd7 21. Qc7# 1-0

[Event "Heusenstamm Sparkassen op-A 2nd"]
[Site "Heusenstamm"]
[Date "2015.11.27"]
[Round "3"]
[White "Ciesla, Daniel"]
[Black "Eichner, Christian"]
[Result "0-1"]
[WhiteElo "1848"]
[BlackElo "2051"]
[PlyCount "58"]
[EventDate "2015.11.26"]
[EventType "swiss"]
[EventRounds "7"]
[EventCountry "GER"]
[SourceTitle "EXT 2018"]
[Source "ChessBase"]
[SourceDate "2017.10.13"]
[SourceVersion "1"]
[SourceVersionDate "2017.10.13"]
[SourceQuality "1"]

1. d4 Nf6 2. Nc3 d5 3. Bg5 Ne4 4. Nxe4 dxe4 5. e3 g6 6. c3 Bg7 7. Bc4 0-0 8. Qc2 h6 9. Bh4 g5 10. Bg3 Bf5 11. 0-0-0 Nd7 12. h4 g4 13. Ne2 Nb6 14. Bb3 a5 15. a3 a4 16. Ba2 c6 17. Nf4 Nd5 18. Nxd5 cxd5 19. f3 Qd7 20. fxg4 Bxg4 21. Rdf1 h5 22. Qf2 Ra6 23. Bb1 Qb5 24. Bc2 Rf6 25. Qe1 Rb6 26. Kd2 Rc8 27. Qa1 Qe2+ 28. Kc1 Qxe3+ 29. Kb1 Qxg3 0-1

[Event "Heusenstamm Sparkassen op-A 2nd"]
[Site "Heusenstamm"]
[Date "2015.11.27"]
[Round "2"]
[White "Ciesla, Daniel"]
[Black "Von Kortzfleisch, Ruben"]
[Result "1-0"]
[WhiteElo "1848"]
[BlackElo "1379"]
[PlyCount "99"]
[EventDate "2015.11.26"]
[EventType "swiss"]
[EventRounds "7"]
[EventCountry "GER"]
[SourceTitle "EXT 2018"]
[Source "ChessBase"]
[SourceDate "2017.10.13"]
[SourceVersion "1"]
[SourceVersionDate "2017.10.13"]
[SourceQuality "1"]

1. d4 d5 2. Nc3 Nc6 3. e4 dxe4 4. d5 Ne5 5. Qd4 Ng6 6. Qxe4 Nf6 7. Qa4+ Bd7 8. Bb5 a6 9. Bxd7+ Qxd7 10. Qxd7+ Kxd7 11. Be3 Re8 12. Rd1 Kc8 13. Nf3 e5 14. dxe6 Rxe6 15. 0-0 Bb4 16. Nd5 Nxd5 17. Rxd5 Rhe8 18. Rfd1 R6e7 19. g3 Ne5 20. Nxe5 Rxe5 21. c3 Bd6 22. Kg2 g6 23. Rxe5 Rxe5 24. Rd2 Kd7 25. Bf4 Re6 26. Kf3 f5 27. h4 Ke7 28. Bxd6+ Rxd6 29. Rxd6 Kxd6 30. Kf4 Ke6 31. Kg5 Kf7 32. Kh6 Kg8 33. h5 Kf7 34. f4 Kf6 35. Kxh7 gxh5 36. Kh6 c6 37. Kxh5 b6 38. g4 fxg4 39. Kxg4 a5 40. Kf3 Kf5 41. Ke3 Ke6 42. Ke4 b5 43. Kd4 Kd6 44. f5 c5+ 45. Ke4 b4 46. a3 b3 47. c4 a4 48. Kf4 Kc7 49. Ke5 Kc6 50. Ke6 1-0

[Event "Cologne Longerich op-A 10th"]
[Site "Cologne"]
[Date "2013.07.20"]
[Round "2"]
[White "Rokitta, Uwe"]
[Black "Ciesla, Daniel"]
[Result "1-0"]
[WhiteElo "1968"]
[BlackElo "1849"]
[PlyCount "45"]
[EventDate "2013.07.19"]
[EventType "tourn"]
[EventRounds "5"]
[EventCountry "GER"]
[SourceTitle "EXT 2017"]
[Source "ChessBase"]
[SourceDate "2016.10.25"]
[SourceVersion "1"]
[SourceVersionDate "2016.10.25"]
[SourceQuality "1"]

1. d4 d6 2. e4 Nf6 3. Nc3 c6 4. h3 Qa5 5. Bd2 Qb6 6. Nf3 Qxb2 7. Bd3 Qb6 8. 0-0 Nbd7 9. e5 dxe5 10. dxe5 Nd5 11. Ne4 e6 12. c4 Nc7 13. Qc2 Na6 14. Neg5 g6 15. Rab1 Qc7 16. Nxe6 fxe6 17. Bxg6+ Kd8 18. Rfd1 Be7 19. Ng5 Nac5 20. Nf7+ Ke8 21. Nxh8+ Kf8 22. Bh6+ Kg8 23. Bxh7+ 1-0

[Event "LSS BI-2010-P-00011"]
[Site "LSS email"]
[Date "2010.04.19"]
[Round "?"]
[White "Ciesla, Daniel"]
[Black "Lingen, Rainer"]
[Result "0-1"]
[WhiteElo "1043"]
[BlackElo "1877"]
[PlyCount "40"]
[EventDate "2010.04.22"]
[EventType "tourn (corr)"]
[EventRounds "10"]
[EventCountry "GER"]
[SourceTitle "Telechess CBM 141"]
[Source "ChessBase"]
[SourceDate "2011.03.17"]
[SourceVersion "1"]
[SourceVersionDate "2011.03.17"]
[SourceQuality "1"]

1. d4 d5 2. c4 e6 3. Nc3 Be7 4. Nf3 Nf6 5. e3 0-0 6. Bd3 dxc4 7. Bxc4 b6 8. 0-0 Bb7 9. Bd3 Nbd7 10. b3 c5 11. dxc5 Nxc5 12. Bc2 Ba6 13. Re1 Qc7 14. Bb2 Rfd8 15. Qb1 Nd3 16. Bxd3 Bxd3 17. Qc1 Rac8 18. Rd1 e5 19. Na4 Qb8 20. Qd2 Bc2 0-1

[Event "LSS BI-2010-P-00011"]
[Site "LSS email"]
[Date "2010.04.19"]
[Round "?"]
[White "Ciesla, Daniel"]
[Black "Mohand Oussaid, Malik"]
[Result "1/2-1/2"]
[WhiteElo "1057"]
[BlackElo "1485"]
[PlyCount "30"]
[EventDate "2010.04.22"]
[EventType "tourn (corr)"]
[EventRounds "10"]
[EventCountry "GER"]
[SourceTitle "Corr 2013"]
[Source "ChessBase"]
[SourceDate "2012.11.12"]
[SourceVersion "1"]
[SourceVersionDate "2012.11.12"]
[SourceQuality "1"]

1. d4 Nf6 2. Nf3 e6 3. c4 Bb4+ 4. Bd2 Qe7 5. e3 0-0 6. Bd3 d5 7. a3 Bxd2+ 8. Nbxd2 Nbd7 9. 0-0 c6 10. cxd5 exd5 11. b4 a6 12. Rc1 Ne4 13. Nb3 f5 14. Nc5 Nexc5 15. bxc5 Nf6 1/2-1/2

[Event "LSS BI-2010-P-00011"]
[Site "LSS email"]
[Date "2010.04.19"]
[Round "?"]
[White "Neumann, Ulrich"]
[Black "Ciesla, Daniel"]
[Result "1-0"]
[WhiteElo "1535"]
[BlackElo "1057"]
[PlyCount "61"]
[EventDate "2010.04.22"]
[EventType "tourn (corr)"]
[EventRounds "10"]
[EventCountry "GER"]
[SourceTitle "Telechess CBM 147"]
[Source "ChessBase"]
[SourceDate "2012.03.16"]
[SourceVersion "1"]
[SourceVersionDate "2012.03.16"]
[SourceQuality "1"]

1. e4 d6 2. d4 Nf6 3. Nc3 e5 4. dxe5 dxe5 5. Qxd8+ Kxd8 6. Bg5 Be6 7. Nf3 Nbd7 8. a3 Kc8 9. Bxf6 gxf6 10. h3 c6 11. Be2 Rg8 12. g4 Bh6 13. Nh4 Kc7 14. Nf5 Bf4 15. Bf3 Bxf5 16. exf5 Rad8 17. Ne4 Rh8 18. Ke2 Bg5 19. h4 Bf4 20. Rad1 b6 21. Rd6 Nc5 22. Rxf6 Nxe4 23. Rxf7+ Kb8 24. Bxe4 Rd2+ 25. Kf3 h6 26. Bxc6 Rxc2 27. Rb7+ Kc8 28. Rxa7 Rd8 29. Be4 Rc5 30. f6 Rc7 31. Ra8+ 1-0

[Event "LSS BI-2010-P-00011"]
[Site "LSS email"]
[Date "2010.04.19"]
[Round "?"]
[White "Roques, Pascal"]
[Black "Ciesla, Daniel"]
[Result "1-0"]
[WhiteElo "2171"]
[BlackElo "1032"]
[PlyCount "63"]
[EventDate "2010.04.22"]
[EventType "tourn (corr)"]
[EventRounds "10"]
[EventCountry "GER"]
[SourceTitle "Telechess CBM 141"]
[Source "ChessBase"]
[SourceDate "2011.03.17"]
[SourceVersion "1"]
[SourceVersionDate "2011.03.17"]
[SourceQuality "1"]

1. e4 d6 2. d4 Nf6 3. Nc3 e5 4. Nf3 exd4 5. Nxd4 Be7 6. g3 0-0 7. Bg2 Nbd7 8. 0-0 c6 9. Nf5 Nc5 10. Nxe7+ Qxe7 11. Re1 Rd8 12. b3 Bg4 13. Qd2 h6 14. Ba3 Qc7 15. f3 Bh5 16. Ne2 Ncd7 17. Qxd6 Qb6+ 18. Kf1 Nf8 19. Qb4 Qxb4 20. Bxb4 a5 21. Bc3 Ne8 22. Nf4 Bg6 23. Rad1 Bh7 24. Kf2 Nc7 25. Rxd8 Rxd8 26. Bxa5 Rd7 27. Bxc7 Rxc7 28. Rd1 Rd7 29. Rxd7 Nxd7 30. Bh3 Nc5 31. Bc8 g5 32. Nd3 1-0

[Event "LSS RF-2010-0-00046"]
[Site "LSS email"]
[Date "2010.04.10"]
[Round "?"]
[White "Yangibayev, Rustam"]
[Black "Ciesla, Daniel"]
[Result "0-1"]
[WhiteElo "1400"]
[BlackElo "1057"]
[PlyCount "22"]
[EventDate "2010.03.08"]
[EventType "tourn (corr)"]
[EventRounds "6"]
[EventCountry "GER"]
[SourceTitle "Corr 2015"]
[Source "ChessBase"]
[SourceDate "2015.07.17"]
[SourceVersion "1"]
[SourceVersionDate "2015.07.17"]
[SourceQuality "1"]

1. d4 Nf6 2. c4 e6 3. Nc3 Bb4 4. Qc2 Qe7 5. Bg5 0-0 6. e3 d6 7. Nf3 Nbd7 8. h4 Bxc3+ 9. bxc3 e5 10. Bd3 e4 11. Bxe4 Qxe4 0-1

[Event "LSS RF-2009-0-00040"]
[Site "LSS email"]
[Date "2010.01.11"]
[Round "?"]
[White "Ciesla, Daniel"]
[Black "Trevis, Robert R"]
[Result "1-0"]
[WhiteElo "1071"]
[BlackElo "794"]
[PlyCount "49"]
[EventDate "2009.09.17"]
[EventType "tourn (corr)"]
[EventRounds "6"]
[EventCountry "GER"]
[SourceTitle "Corr 2013"]
[Source "ChessBase"]
[SourceDate "2012.11.12"]
[SourceVersion "1"]
[SourceVersionDate "2012.11.12"]
[SourceQuality "1"]

1. d4 d5 2. c4 dxc4 3. Nc3 a6 4. e3 Nf6 5. Bxc4 e6 6. Nf3 c5 7. 0-0 b5 8. Bb3 Bb7 9. Qe2 Nbd7 10. dxc5 Bxc5 11. Rd1 0-0 12. Bd2 Qc7 13. Be1 Rfd8 14. h3 Ne5 15. Nxe5 Qxe5 16. Rxd8+ Rxd8 17. Rd1 Rxd1 18. Qxd1 Bd5 19. Nxd5 Nxd5 20. Bxd5 exd5 21. Bc3 Qe4 22. Qg4 Qb1+ 23. Kh2 Bf8 24. a3 f5 25. Qf4 1-0

[Event "LSS SF-2009-0-00042"]
[Site "LSS email"]
[Date "2010.01.11"]
[Round "?"]
[White "Ciesla, Daniel"]
[Black "Van Esbroeck, Dirk"]
[Result "1-0"]
[WhiteElo "1057"]
[BlackElo "994"]
[PlyCount "57"]
[EventDate "2009.11.09"]
[EventType "tourn (corr)"]
[EventRounds "6"]
[EventCountry "GER"]
[SourceTitle "Telechess CBM 147"]
[Source "ChessBase"]
[SourceDate "2012.03.16"]
[SourceVersion "1"]
[SourceVersionDate "2012.03.16"]
[SourceQuality "1"]

1. d4 Nf6 2. Nf3 g6 3. Bf4 d6 4. e3 Bg7 5. Nbd2 0-0 6. Bc4 Bg4 7. h3 Bf5 8. 0-0 e6 9. Re1 Nbd7 10. Bb3 Be4 11. Ng5 Bd5 12. c4 Bc6 13. Bh2 b6 14. Rc1 Bb7 15. Ngf3 c5 16. Bxd6 Re8 17. dxc5 Nxc5 18. Bxc5 bxc5 19. Bc2 Qb6 20. b3 Rad8 21. Qe2 Nd7 22. Nf1 Qc6 23. Ng3 f5 24. Red1 g5 25. Nh5 g4 26. hxg4 fxg4 27. Ne1 Bc3 28. Bxh7+ Kxh7 29. Rxc3 1-0

[Event "LSS RF-2009-0-00038"]
[Site "LSS email"]
[Date "2009.11.08"]
[Round "?"]
[White "Feng, Jason"]
[Black "Ciesla, Daniel"]
[Result "0-1"]
[WhiteElo "885"]
[BlackElo "1057"]
[PlyCount "28"]
[EventDate "2009.06.23"]
[EventType "tourn (corr)"]
[EventRounds "6"]
[EventCountry "GER"]
[SourceTitle "Corr 2013"]
[Source "ChessBase"]
[SourceDate "2012.11.12"]
[SourceVersion "1"]
[SourceVersionDate "2012.11.12"]
[SourceQuality "1"]

1. d4 Nf6 2. Bg5 e6 3. e4 Be7 4. e5 Nd5 5. Bxe7 Nxe7 6. Bd3 Nbc6 7. c3 d6 8. exd6 Qxd6 9. Qg4 Ng6 10. Nf3 Bd7 11. 0-0 Nce7 12. Nbd2 0-0-0 13. Ne4 Qb6 14. Rfb1 f5 0-1

[Event "LSS RF-2009-0-00038"]
[Site "LSS email"]
[Date "2009.11.08"]
[Round "?"]
[White "Lanier, Jeff"]
[Black "Ciesla, Daniel"]
[Result "0-1"]
[WhiteElo "835"]
[BlackElo "1107"]
[PlyCount "108"]
[EventDate "2009.06.23"]
[EventType "tourn (corr)"]
[EventRounds "6"]
[EventCountry "GER"]
[SourceTitle "Telechess CBM 137"]
[Source "ChessBase"]
[SourceDate "2010.07.15"]
[SourceVersion "1"]
[SourceVersionDate "2010.07.15"]
[SourceQuality "1"]

1. e4 d6 2. d4 Nf6 3. Nc3 e5 4. dxe5 dxe5 5. Qxd8+ Kxd8 6. Bg5 Be6 7. 0-0-0+ Nbd7 8. Bxf6+ gxf6 9. Nd5 Bg7 10. Ne2 c6 11. Ndc3 Kc7 12. Ng3 Rhg8 13. Nf5 Bf8 14. g3 Nc5 15. Bg2 Rg5 16. h4 Rg8 17. Rhg1 Rd8 18. Bh3 Rxd1+ 19. Rxd1 Bg7 20. g4 Bxf5 21. exf5 Bh6+ 22. Kb1 Rd8 23. Rxd8 Kxd8 24. Bg2 Bd2 25. f3 Bxc3 26. bxc3 h6 27. Kb2 Ke7 28. Bf1 b6 29. Bc4 Nb7 30. Ka3 Nd6 31. Bd3 c5 32. Ka4 Kd7 33. Kb3 Kc6 34. a4 Kd5 35. Be2 a5 36. Kb2 c4 37. Kc1 Kc5 38. Kd2 b5 39. axb5 Nxb5 40. Kc1 a4 41. Kb2 a3+ 42. Ka1 Nxc3 43. Bf1 Kd4 44. Bg2 Ke3 45. Bh1 Kf2 46. f4 exf4 47. Bc6 Kg3 48. Be8 Kxg4 49. Bxf7 Kxh4 50. Bxc4 f3 51. Be6 f2 52. Bc4 Kg4 53. Bd3 h5 54. Be2+ Nxe2 0-1

[Event "LSS SF-2009-0-00034"]
[Site "LSS email"]
[Date "2009.09.04"]
[Round "?"]
[White "Ciesla, Daniel"]
[Black "Fernandez, German"]
[Result "1-0"]
[WhiteElo "1057"]
[BlackElo "931"]
[PlyCount "115"]
[EventDate "2009.05.27"]
[EventType "tourn (corr)"]
[EventRounds "6"]
[EventCountry "GER"]
[SourceTitle "Corr 2013"]
[Source "ChessBase"]
[SourceDate "2012.11.12"]
[SourceVersion "1"]
[SourceVersionDate "2012.11.12"]
[SourceQuality "1"]
[WhiteTeam "US of America"]
[BlackTeam "US of America"]
[WhiteTeamCountry "USA"]
[BlackTeamCountry "USA"]

1. d4 Nf6 2. c4 c5 3. e3 d5 4. dxc5 Nc6 5. Nc3 e6 6. cxd5 exd5 7. Nf3 Bxc5 8. Bb5 0-0 9. 0-0 Bg4 10. h3 Be6 11. a3 a6 12. Be2 Rc8 13. Bd2 Ne4 14. Nxe4 dxe4 15. Nh2 Ne5 16. Bc3 Nd3 17. Bxd3 Qxd3 18. Qxd3 exd3 19. Nf3 Rfd8 20. Rfd1 Bb3 21. Rd2 b5 22. Ne1 Bc4 23. Rad1 Bb3 24. Rc1 Bb6 25. Rxd3 Rxd3 26. Nxd3 Rd8 27. Nf4 a5 28. Ne2 Bd1 29. Nd4 Ba4 30. Nc6 Rd1+ 31. Rxd1 Bxd1 32. Bxa5 Bc5 33. Bb4 Bxb4 34. Nxb4 Kf8 35. Kf1 Ke7 36. Ke1 Bb3 37. Kd2 Kd6 38. Kc3 Bc4 39. Nd3 g5 40. b3 Bd5 41. Ne1 h5 42. Kb4 Kc6 43. a4 bxa4 44. bxa4 f5 45. Nf3 g4 46. Nd4+ Kb6 47. Nxf5 Bxg2 48. hxg4 hxg4 49. a5+ Ka6 50. Ng3 Bc6 51. Nf5 Be4 52. Nd6 Bf3 53. e4 Ka7 54. e5 Bd5 55. Kc5 Be6 56. Nb5+ Kb8 57. a6 Ka8 58. Nc7+ 1-0

[Event "LSS SF-2009-0-00034"]
[Site "LSS email"]
[Date "2009.09.04"]
[Round "?"]
[White "Ciesla, Daniel"]
[Black "Van Esbroeck, Dirk"]
[Result "1/2-1/2"]
[WhiteElo "1096"]
[BlackElo "1057"]
[PlyCount "34"]
[EventDate "2009.05.27"]
[EventType "tourn (corr)"]
[EventRounds "6"]
[EventCountry "GER"]
[SourceTitle "Telechess CBM 137"]
[Source "ChessBase"]
[SourceDate "2010.07.15"]
[SourceVersion "1"]
[SourceVersionDate "2010.07.15"]
[SourceQuality "1"]

1. d4 Nf6 2. c4 g6 3. Nf3 Bg7 4. Nc3 d6 5. e3 0-0 6. Be2 Nbd7 7. 0-0 e5 8. dxe5 Nxe5 9. Nxe5 dxe5 10. b3 Be6 11. Bb2 Qe7 12. Qc2 Rfd8 13. Rad1 c6 14. Rxd8+ Rxd8 15. Rd1 Bf5 16. Rxd8+ Qxd8 17. Qd1 Qxd1+ 1/2-1/2

[Event "LSS SF-2009-0-00034"]
[Site "LSS email"]
[Date "2009.09.04"]
[Round "?"]
[White "Pietrzak, Wojciech"]
[Black "Ciesla, Daniel"]
[Result "0-1"]
[WhiteElo "1072"]
[BlackElo "1057"]
[PlyCount "78"]
[EventDate "2009.05.27"]
[EventType "tourn (corr)"]
[EventRounds "6"]
[EventCountry "GER"]
[SourceTitle "Corr 2013"]
[Source "ChessBase"]
[SourceDate "2012.11.12"]
[SourceVersion "1"]
[SourceVersionDate "2012.11.12"]
[SourceQuality "1"]
[WhiteTeam "US of America"]
[BlackTeam "US of America"]
[WhiteTeamCountry "USA"]
[BlackTeamCountry "USA"]

1. e4 d6 2. f4 Nf6 3. d3 e5 4. Nf3 exf4 5. Bxf4 Be7 6. Be2 0-0 7. 0-0 Nbd7 8. Nbd2 Nc5 9. Qe1 Re8 10. Be3 Ne6 11. Rd1 Bd7 12. h3 c6 13. Qf2 a6 14. Nh4 Nf8 15. Bb6 Qc8 16. d4 Be6 17. c4 Ng6 18. Nhf3 d5 19. e5 Nd7 20. Ba5 Nf4 21. c5 Nxe2+ 22. Qxe2 Nf8 23. Nb1 Ng6 24. Nh2 Rf8 25. Nc3 f6 26. Na4 Bd8 27. Bxd8 Qxd8 28. Nb6 Ra7 29. exf6 Rxf6 30. Ng4 Rxf1+ 31. Rxf1 Bxg4 32. Qxg4 Ne7 33. Qe6+ Kh8 34. Nd7 Ng6 35. Nb6 a5 36. Rf7 a4 37. Rc7 Nf8 38. Rc8 Nxe6 39. Rxd8+ Nxd8 0-1

[Event "LSS SF-2009-0-00034"]
[Site "LSS email"]
[Date "2009.09.04"]
[Round "?"]
[White "Tjiptadi, Kudus"]
[Black "Ciesla, Daniel"]
[Result "0-1"]
[WhiteElo "1046"]
[BlackElo "1093"]
[PlyCount "122"]
[EventDate "2009.05.27"]
[EventType "tourn (corr)"]
[EventRounds "6"]
[EventCountry "GER"]
[SourceTitle "Telechess CBM 137"]
[Source "ChessBase"]
[SourceDate "2010.07.15"]
[SourceVersion "1"]
[SourceVersionDate "2010.07.15"]
[SourceQuality "1"]

1. e4 d6 2. Nf3 Nf6 3. e5 dxe5 4. Nxe5 Qd5 5. d4 e6 6. Nc3 Bb4 7. a3 Bxc3+ 8. bxc3 Nbd7 9. Nf3 Nb6 10. Be2 0-0 11. 0-0 Bd7 12. Be3 Bb5 13. Bd3 Rad8 14. Rb1 Bxd3 15. cxd3 Qa5 16. Qc1 Nfd5 17. c4 Nc3 18. Qd2 Nba4 19. Rxb7 Rb8 20. Rxb8 Rxb8 21. h3 Rb2 22. Qe1 Ne2+ 23. Kh1 Qxe1 24. Rxe1 Nec3 25. Nd2 Nb6 26. d5 h6 27. Bxb6 Rxb6 28. dxe6 fxe6 29. Nf3 Na4 30. Nd4 Nc5 31. Nb5 Nxd3 32. Re2 Nf4 33. Re4 Nd3 34. Kg1 Nc5 35. Re3 Kf7 36. Nxc7 Rc6 37. Nb5 a6 38. Nd4 Rd6 39. Ne2 Rd1+ 40. Kh2 Rd2 41. f3 Nd3 42. Nd4 Nf4 43. Nc6 Rxg2+ 44. Kh1 Rc2 45. h4 Ng6 46. Nd8+ Kg8 47. Rxe6 Nxh4 48. Re3 Rxc4 49. Kh2 Nf5 50. Rd3 Rd4 51. Rxd4 Nxd4 52. Kg3 Kf8 53. Nb7 Ne6 54. Kg4 g6 55. Nd6 Ke7 56. Nc4 h5+ 57. Kg3 Kf6 58. Ne3 Ke5 59. Nc4+ Kd4 60. Nd2 Kc3 61. Ne4+ Kb3 0-1

[Event "LSS RF-2009-0-00035"]
[Site "LSS email"]
[Date "2009.08.14"]
[Round "?"]
[White "Molano Lafuente, Ismael"]
[Black "Ciesla, Daniel"]
[Result "1-0"]
[WhiteElo "800"]
[BlackElo "1152"]
[PlyCount "47"]
[EventDate "2009.05.13"]
[EventType "tourn (corr)"]
[EventRounds "6"]
[EventCountry "GER"]
[SourceTitle "Corr 2011"]
[Source "ChessBase"]
[SourceDate "2010.08.31"]
[SourceVersion "1"]
[SourceVersionDate "2010.08.31"]
[SourceQuality "1"]

1. e4 d6 2. d4 Nf6 3. Nc3 e5 4. Nge2 exd4 5. Nxd4 Be7 6. Bf4 Nbd7 7. f3 0-0 8. Qd2 Nc5 9. 0-0-0 Ne6 10. Nxe6 Bxe6 11. g4 Nd7 12. h4 a6 13. g5 Ne5 14. Nd5 Nxf3 15. Qc3 Bxd5 16. Rxd5 c6 17. Rd3 Nxg5 18. hxg5 Bxg5 19. Qd2 Bxf4 20. Qxf4 Qa5 21. Rg1 Qxa2 22. Rxg7+ Kxg7 23. Rg3+ Kh8 24. Qf6# 1-0

[Event "LSS SE-2009-0-00027"]
[Site "LSS email"]
[Date "2009.07.29"]
[Round "?"]
[White "Murphy, Jones"]
[Black "Ciesla, Daniel"]
[Result "0-1"]
[WhiteElo "1340"]
[BlackElo "1057"]
[PlyCount "20"]
[EventDate "2009.05.29"]
[EventType "tourn (corr)"]
[EventRounds "6"]
[EventCountry "GER"]
[SourceTitle "Corr 2013"]
[Source "ChessBase"]
[SourceDate "2012.11.12"]
[SourceVersion "1"]
[SourceVersionDate "2012.11.12"]
[SourceQuality "1"]
[WhiteTeam "US of America"]
[BlackTeam "US of America"]
[WhiteTeamCountry "USA"]
[BlackTeamCountry "USA"]

1. e4 d6 2. d4 Nf6 3. Nc3 e5 4. Nf3 exd4 5. Nxd4 Be7 6. Be2 0-0 7. 0-0 Nbd7 8. f4 Nc5 9. Bf3 Qe8 10. Be3 Bd8 0-1